Ranking UFC - Kategoria ciężka - Statystyki

Ogólne statystyki
  • Ten quiz został rozwiązany 109 razy
  • Średni wynik to 7 z 11
Statystyki odpowiedzi
Pozycja Zawodnik Narodowość % Poprawnych
Champion Jon Jones Stany Zjednoczone
99%
1 Tom Aspinall Anglia
88%
8 Marcin Tybura Polska
86%
2 Ciryl Gane Francja
84%
3 Alexander Volkov Rosja
67%
4 Sergei Pavlovich Rosja
62%
7 Serghei Spivac Mołdawia
53%
6 Jailton Almeida Brazylia
40%
9 Jairzinho Rozenstruik Surinam
40%
5 Curtis Blaydes Stany Zjednoczone
39%
10 Derrick Lewis Stany Zjednoczone
39%
Nie znaleziono quizów pasujących do podanych kryteriów
Rozkład punktacji
Procent ludzi z każdym wynikiem
Percentyl według liczby udzielonych odpowiedzi
Twoja historia wyników
Nie rozwiązałeś tego quizu